000 00872nam a2200217Ii 4500
003 JO-AjNU
008 230605s9999||||xx |||||||||||||| ||und||
020 _a978-1-56564-454-0
040 _aJO-AjNU
_bara
_erda
_cJO-AjNU
041 _aara
050 1 4 _aBP144 2011
100 3 _aبزا، عبد النور,
_eauthor
_952449
245 0 0 _aنظرية التعليل في الفكرين الكلامي والأصولي توصيف ومراجعة
250 _aط1
264 3 1 _aفيرجينيا: المعهد العالمي للفكر الاسلامي، 2011
300 _a167ص
_bقائمة المراجع ص 155-164 ؛ كشاف الاعلام والمصطلحات ص 165-167
336 _atext
_btxt
_2rdacontent
337 _aunmediated
_bn
_2rdamedia
338 _avolume
_bnc
_2rdacarrier
650 4 _aعلم الكلام- التعليل- اصول الفقه
_952450
999 _aA23234
_c26802
_d26802